| 000 | 00590nam a2200205Ia 4500 | ||
|---|---|---|---|
| 001 | 15035 | ||
| 003 | GE_BSU | ||
| 008 | 181216s||||||||xx |||||||||||||| ||und|| | ||
| 040 | _cGE_BSU | ||
| 080 | _a517.955 | ||
| 100 | _aВекуа,И.Н. | ||
| 245 | _aОбобщенные аналитические функции | ||
| 245 | _cРед.Б.В.Боярский и Э.Г.Поздняк | ||
| 260 | _aМосква | ||
| 260 | _bГосиздат | ||
| 260 | _c1959 | ||
| 300 | _a628стр.20см. | ||
| 653 | _aОбобщенные аналитические функции | ||
| 942 | _cBK | ||
| 999 |
_c48153 _d48153 |
||